[Event "GBR-ch 65+ 106th"]
[White "Blewitt, Stephen"]
[Black "Wright, Daniel"]
[Site "Torquay"]
[Round "5.11"]
[Result "1-0"]
[Date "2019.08.02"]
[WhiteElo "1744"]
[BlackElo "2235"]
[PlyCount "79"]
[EventDate "2019.07.29"]
[EventType "swiss"]
[EventRounds "7"]
[EventCountry "ENG"]
[SourceTitle "EXT 2021"]
[Source "ChessBase"]
[SourceDate "2020.10.23"]
[SourceVersion "1"]
[SourceVersionDate "2020.10.23"]
[SourceQuality "1"]

1. b3 d5 2. e3 e5 3. Bb2 Bd6 4. g3 Nf6 5. Nf3 Qe7 6. h3 Nc6 7. Bg2 a6 8. d3 Bf5 9. Nbd2 Rd8 10. a3 h6 11. Qe2 e4 12. dxe4 dxe4 13. Nd4 Nxd4 14. Bxd4 0-0 15. Nc4 Bc5 16. Bb2 b5 17. Ne5 Qe6 18. c4 b4 19. a4 Rd6 20. Rd1 Rfd8 21. Rxd6 Qxd6 22. 0-0 Bc8 23. Kh2 Bb7 24. Ng4 Nh7 25. Be5 Qd7 26. Ba1 f6 27. Kg1 Qd2 28. Nxh6+ gxh6 29. Qg4+ Kh8 30. Qf4 Qd6 31. Qxh6 Qe6 32. Qh5 Bf8 33. Bd4 Bc8 34. Qh4 Bb7 35. Qh5 Kg8 36. Qg6+ Bg7 37. h4 Nf8 38. Qh5 f5 39. Bxg7 Kxg7 40. Qg5+ 1-0